Zweiter Weltkrieg - Richtig oder falsch? - Statistiken

Allgemein
  • Dieses Quiz wurde 4.646 mal gespielt
  • Das Durchschnittsergebnis liegt bei 11 aus 15
Antwortstatistiken
Frage Antwort % Korrekt
Die Nazis fielen in die Schweiz ein und nahmen sie ein. Falsch
94%
Hitler wurde von sowjetischen Truppen in der Schlacht um Berlin erschossen. Falsch
93%
Mehr Menschen starben im Zweiten als im Ersten Weltkrieg. Richtig
92%
Joseph Goebbels war Minister für Propaganda für das Nazi-Regime. Richtig
92%
Die Deutschen nahmen Moskau ein. Falsch
89%
Es gab einen Versuch des Attentats an Hitler durch eine Brieftaschenbombe. Richtig
88%
Die hauptsächlichen Achsenmächte waren Deutschland, Japan und Spanien. Falsch
87%
Herrscher Hirohito von Japan wurde nach dem Krieg gehängt. Falsch
68%
Albert Einstein war die meiste Zeit des Krieges in New Mexico, um an einer Atombombe zu arbeiten. Falsch
65%
China kämpfte im zweiten Weltkrieg. Richtig
61%
Die Sowjetunion und Deutschland griffen Polen beide 1939 an. Richtig
61%
Die Schlacht um Iwojima wird als Wendepunkt des Pazifikkriegs gesehen. Falsch
59%
Die Alliierte Invasion in der Normandie in 1944 ist bekannt unter "Operation Overlord". Richtig
52%
Die Japaner zerstörten mindestens 10 Flugzeugträger während ihres Angriffs auf Pearl Harbor. Falsch
45%
Der Film "Casablanca" findet im Zweiten Weltkrieg statt. Richtig
43%
Keine übereinstimmenden Quizze gefunden
Verteilung der Resultate
Anzahl Personen mit jedem Resultat
Perzentil nach korrekt beantworteten Fragen
Ihre Resultats-Entwicklung
Sie haben dieses Quiz noch nicht gespielt